Statistiques concernant [One Piece] Équipage de Barbe Blanche en images

Cliquez ici pour prendre le quiz!

Statistiques générales

  • Ce quiz a été pris 100 fois
  • Le résultat moyen est 8 sur 16

Statistiques - réponses

Réponse% Correct
Ace (2ème division)
100%
Marco (1ère division)
99%
Joz (3ème division)
93%
Vista (5ème division)
87%
Izo (16ème division)
80%
Thatch (4ème division)
71%
Namur (8ème division)
51%
Blamenco (6ème division)
43%
Curiel (10ème division)
35%
Atmos (13ème division)
33%
Fossa (15ème division)
30%
Haruta (12ème division)
30%
Blenheim (9ème division)
25%
Rakuyo (7ème division)
25%
Speed Jill (14ème division)
25%
Kingdew (11ème division)
19%

Distribution des résultats

Percentile par nombre de réponses

% des personnes avec chaque résultat

Votre développement - résultats

Vous n’avez pas pris ce quiz